000 00320nam a22001337a 4500
999 _c532632
_d532632
003 NUST
038 _aM.Ramzan
082 _a624.193
_bBTS
100 _aBritish Tunneling Society
_926260
245 _aSpecification for tunneling /
260 _aLondon:
_bThomas Telford,
_c2010.
300 _a184 p, :
942 _2ddc
_cBK